1919 1307 1504 1364 1162 1060 1736 1958 1459 1070 1071 1560 1674 1756 1667 1331 1427 1461 1978 1228 1159 1178 1930 1467 1903 1824 1176 1731 1317 1742 1256 1569 1712 1614 1855 1829 1130 1910 1143 1448 1915 1019 1657 1940 1236 1958 1755 1175 1557 1155 1631 1426 1992 1821 1713 1181 1541 1718 1951 1171 1339 1680 1655 1561 1644 1624 1701 1034 1385 1828 1124 1725 1209 1863 1099 1347 1162 1532 1883 1029 1809 1800 1703 1202 1689 1185 1038 1478 1353 1408 1375 1891 1783 1356 1515 1190 1038 1834 1825 BCNSPRNW ULIB Ver.6.0+V

เปลี่ยนเป็นภาษาไทย

Change to English
 แสดงรายละเอียดบรรณานุกรม
  กลับหน้าหลัก

Brief Record : Get Marc (ISO 2709) : E-mail record : QR code < ปิดหน้าต่าง
LEADER : 00000nas 2200000uu 4500
001    13399123851
003     ULIB
008    141212s||||||||th 000 0 tha d
022 0  ^a16851741
245 00 ^aวารสารลูกช้างสัมพันธ์/^cมหาวิทยาลัยเชียงใหม่
246 0  ^aChiang Mai University Alumni Magazine
310    ^aรายสี่เดือน
850 ^a ULIB^bปีที่ 13 ฉบับที่ 2 ฉ.1 ;ปีที่ 14 ฉบับที่ 3 ฉ.1 ;ปีที่ 15 ฉบับที่ 1 ฉ.1 ;ปีที่ 14 ฉบับที่ 3 ฉ.1 ;ปีที่ 15 ฉบับที่ 2 ฉ.1
945    ^p0^l0^i902697
945    ^p0^l0^i904002
945    ^p0^l0^i904003
945    ^p0^l0^i904030
945    ^p0^l0^i904031
999    ^aกมลทิพย์ ธนสารสุธี
รายการนี้ยังไม่มีแท็ก
คุณยังไม่ได้ล็อกอิน คุณสามารถมีกิจกรรมร่วมกับเว็บไซต์ได้ แต่ต้องล็อกอินก่อน ::
  ล็อกอิน

รายการสื่อสารสนเทศ (วารสาร)

ดูแบบ: กล่อง รายการ
ARRIVED
ปีที่ 13 ฉบับที่ 2 ฉ.1
สถานที่: ห้องสมุดวิทยาเขตสวรรค์ประชารักษ์ >วารสาร
ARRIVED
ปีที่ 14 ฉบับที่ 3 ฉ.1
สถานที่: ห้องสมุดวิทยาเขตสวรรค์ประชารักษ์ >หนังสือพิมพ์
ARRIVED
ปีที่ 15 ฉบับที่ 1 ฉ.1
สถานที่: ห้องสมุดวิทยาเขตสวรรค์ประชารักษ์ >หนังสือพิมพ์
ARRIVED
ปีที่ 15 ฉบับที่ 2 ฉ.1
สถานที่: ห้องสมุดวิทยาเขตสวรรค์ประชารักษ์ >หนังสือพิมพ์

BibComment


ยังไม่เคยถูกคอมเมนท์

คอมเมนท์ทรัพยากรรายการนี้
  คอมเมนท์: วารสารลูกช้างสัม..


 Copyright 2026. Bcnsprnw @Library